<?xml version="1.0" encoding="UTF-8"?>
<record
    xmlns:xsi="http://www.w3.org/2001/XMLSchema-instance"
    xsi:schemaLocation="http://www.loc.gov/MARC21/slim http://www.loc.gov/standards/marcxml/schema/MARC21slim.xsd"
    xmlns="http://www.loc.gov/MARC21/slim">

  <leader>01796nam a2200301 a 4500</leader>
  <controlfield tag="001">000020814</controlfield>
  <controlfield tag="003">DO-SdBNP</controlfield>
  <controlfield tag="005">20210817095723.0</controlfield>
  <controlfield tag="007">000020814</controlfield>
  <controlfield tag="008">100818s2008    dr ab         000 0 spa d</controlfield>
  <datafield tag="020" ind1=" " ind2=" ">
    <subfield code="a">9789945859560</subfield>
  </datafield>
  <datafield tag="040" ind1=" " ind2=" ">
    <subfield code="a">BPMSU</subfield>
    <subfield code="b">spa</subfield>
    <subfield code="c">BPMSU</subfield>
  </datafield>
  <datafield tag="092" ind1=" " ind2=" ">
    <subfield code="a">303.44</subfield>
    <subfield code="b">P964i, 2008</subfield>
  </datafield>
  <datafield tag="110" ind1="2" ind2=" ">
    <subfield code="a">Programa de las Naciones Unidas para el Desarrollo.</subfield>
  </datafield>
  <datafield tag="245" ind1="1" ind2="0">
    <subfield code="a">Informe sobre desarrollo humano Rep&#xFA;blica Dominicana 2008 :</subfield>
    <subfield code="b">desarrollo humano, una cuesti&#xF3;n de poder /</subfield>
    <subfield code="c">pr&#xF3;logo Miguel Ceara-Hatton.</subfield>
  </datafield>
  <datafield tag="246" ind1=" " ind2=" ">
    <subfield code="a">Desarrollo humano, una cuesti&#xF3;n de poder</subfield>
  </datafield>
  <datafield tag="260" ind1=" " ind2=" ">
    <subfield code="a">Santo Domingo :</subfield>
    <subfield code="b">PNUD,</subfield>
    <subfield code="c">2008.</subfield>
  </datafield>
  <datafield tag="300" ind1=" " ind2=" ">
    <subfield code="a">xxxvi, 519 p. :</subfield>
    <subfield code="b">il., mapas, ;</subfield>
    <subfield code="c">29 cm.</subfield>
  </datafield>
  <datafield tag="505" ind1=" " ind2=" ">
    <subfield code="t">Presentaci&#xF3;n -- </subfield>
    <subfield code="t">Pr&#xF3;logo -- </subfield>
    <subfield code="t">Secretar&#xED;a de Estado de Econom&#xED;a, Planificaci&#xF3;n y Desarrollo : algunas consideraciones sobre el INDH 2008 -- </subfield>
    <subfield code="t">Perspectiva general : desarrollo humano, una cuesti&#xF3;n de poder --</subfield>
    <subfield code="t"> Desarrollo humano y poder en el territorio -- </subfield>
    <subfield code="t">El empoderamiento social : poder que se construya y se conquista -- </subfield>
    <subfield code="t">La descentralizaci&#xF3;n : poder que se redistribuye -- </subfield>
    <subfield code="t">Capacidades esenciales para el empoderamiento : educaci&#xF3;n, salud, protecci&#xF3;n y asistencia social --</subfield>
    <subfield code="t"> -- La econom&#xED;a : una din&#xE1;mica que fragmenta el territorio -- </subfield>
    <subfield code="t">Sostenibilidad ambiental y desarrollo humano -- </subfield>
    <subfield code="t">Elementos para una estrategia de empoderamiento, descentralizaci&#xF3;n e intervenci&#xF3;n en el territorio.</subfield>
  </datafield>
  <datafield tag="590" ind1=" " ind2=" ">
    <subfield code="6">Inventariado, 2021/VM</subfield>
  </datafield>
  <datafield tag="650" ind1=" " ind2="4">
    <subfield code="a">Desarrollo humano </subfield>
  </datafield>
  <datafield tag="650" ind1=" " ind2="4">
    <subfield code="a">Desarrollo econ&#xF3;mico </subfield>
    <subfield code="x">Aspectos sociales </subfield>
  </datafield>
  <datafield tag="651" ind1=" " ind2="4">
    <subfield code="a">Rep&#xFA;blica Dominicana </subfield>
    <subfield code="x">Condiciones sociales </subfield>
  </datafield>
  <datafield tag="651" ind1=" " ind2="4">
    <subfield code="a">Rep&#xFA;blica Dominicana </subfield>
    <subfield code="x">Condiciones econ&#xF3;micas </subfield>
  </datafield>
  <datafield tag="700" ind1="1" ind2=" ">
    <subfield code="a">Ceara-Hatton, Miguel</subfield>
    <subfield code="e">pr&#xF3;l.</subfield>
  </datafield>
  <datafield tag="910" ind1=" " ind2=" ">
    <subfield code="a">VMateo V. /Validado. Control de calidad BNPHU</subfield>
  </datafield>
  <datafield tag="942" ind1=" " ind2=" ">
    <subfield code="2">ddc</subfield>
    <subfield code="c">BK</subfield>
  </datafield>
  <datafield tag="952" ind1=" " ind2=" ">
    <subfield code="0">0</subfield>
    <subfield code="1">0</subfield>
    <subfield code="2">ddc</subfield>
    <subfield code="4">0</subfield>
    <subfield code="7">0</subfield>
    <subfield code="8">CD</subfield>
    <subfield code="a">BPMET</subfield>
    <subfield code="b">BPMET</subfield>
    <subfield code="d">2015-08-03</subfield>
    <subfield code="e">Jos&#xE9; Qui&#xF1;ones </subfield>
    <subfield code="l">0</subfield>
    <subfield code="o">BPMSU CD 303.44 P964i  2008</subfield>
    <subfield code="p">BPMSU15080015</subfield>
    <subfield code="r">2015-08-03</subfield>
    <subfield code="w">2015-08-03</subfield>
    <subfield code="y">BK</subfield>
  </datafield>
  <datafield tag="952" ind1=" " ind2=" ">
    <subfield code="0">0</subfield>
    <subfield code="1">0</subfield>
    <subfield code="2">ddc</subfield>
    <subfield code="4">0</subfield>
    <subfield code="7">0</subfield>
    <subfield code="8">CD</subfield>
    <subfield code="a">BPMET</subfield>
    <subfield code="b">BPMET</subfield>
    <subfield code="d">2015-08-03</subfield>
    <subfield code="o">BPMSU CD 303.44 P964i 2008</subfield>
    <subfield code="p">BPMSU21080048</subfield>
    <subfield code="r">2021-08-17</subfield>
    <subfield code="t">e.2</subfield>
    <subfield code="w">2015-08-03</subfield>
    <subfield code="y">BK</subfield>
  </datafield>
  <datafield tag="999" ind1=" " ind2=" ">
    <subfield code="c">8047</subfield>
    <subfield code="d">8047</subfield>
  </datafield>
</record>
